ロード中...
Multivariate analysis
| 第一著者: | |
|---|---|
| フォーマット: | Printed Book |
| 言語: | Undetermined English |
| 出版事項: |
New York
North Holland
1978
|
| 主題: |
| LEADER | 00496nam a2200157Ia 4500 | ||
|---|---|---|---|
| 008 | 140306s9999 xx 000 0 und d | ||
| 041 | |a eng | ||
| 082 | |a 510 |b KRI/MU | ||
| 100 | |a Krishnaiah, P R | ||
| 245 | |a Multivariate analysis | ||
| 260 | |a New York |b North Holland |c 1978 | ||
| 300 | |a 549 | ||
| 650 | |a Mathematics | ||
| 942 | |2 ddc |c BK | ||
| 999 | |c 119064 |d 119064 | ||
| 952 | |0 0 |1 0 |2 ddc |4 0 |6 510_000000000000000_KRIMU |7 0 |9 118146 |a KAUHCV |b KAUHCV |d 2004-05-04 |o 510 KRI/MU |p KAU_HCV-13118 |r 2014-03-22 |w 2014-03-22 |y BK | ||